Multiverse Travellers/ (Record no. 216346)

MARC details
000 -LEADER
fixed length control field 00524nam a22001937a 4500
005 - DATE AND TIME OF LATEST TRANSACTION
control field 20260522120921.0
010 ## - LCCN (DPL NO)
LC control number ENG-148617
020 ## - INTERNATIONAL STANDARD BOOK NUMBER
Terms of availability 399.00
International Standard Book Number 9789348892430
035 ## - SYSTEM CONTROL NUMBER
System control number EN-132149
037 ## - SOURCE OF ACQUISITION
Source of stock number/acquisition DBAD
082 ## - DEWEY DECIMAL CLASSIFICATION NUMBER
Classification number S
100 ## - MAIN ENTRY--PERSONAL NAME
Personal name Mukherjee, Pragati
245 ## - TITLE STATEMENT
Title Multiverse Travellers/
Statement of responsibility, etc Pragati Mukherjee
250 ## - EDITION STATEMENT
Edition statement 1
260 ## - PUBLICATION, DISTRIBUTION, ETC. (IMPRINT)
Place of publication, distribution, etc Kolkata
Name of publisher, distributor, etc Exceller Books
Date of publication, distribution, etc 2025
270 ## - ADDRESS
Address G1 Dream Apartment, Degree College Road
City Belgharia,Kolkata
300 ## - PHYSICAL DESCRIPTION
Extent 140p.
Dimensions 21cm(pb)
942 ## - ADDED ENTRY ELEMENTS (KOHA)
Source of classification or shelving scheme Dewey Decimal Classification
Item type English Books
Call number suffix MUK
Classification part S
Holdings
Withdrawn status Lost status Not for loan Collection code Home library Current library Date acquired Source of acquisition Cost, normal purchase price Full call number Barcode Copy number Cost, replacement price Koha item type
    Not For Loan Fiction D.B.Act.Division D.B.Act.Division 22/05/2026 Delivery of Books Act Division 399.00 MUK S EN-132149 1 399.00 English Books

© Delhi Public Library
Hit Counter
free hit counter